000 01320nam a22002657a 4500
005 20170124103119.0
010 _aA-925007
020 _c150.00
035 _aA-925007
037 _bCen Lib/Ret
040 _aDPL
_bHN
082 _a301.153
_bझादेव
100 _aझा, देवचन्द्र
_945684
245 _aमहात्मा गाँधी :
_cदेवचन्द्र झा ; सत्यकाम
_bकांग्रेस और भारत का विभाजन /
246 _aMahatma Gandhi : congress aur bharat ka bhivajan /
_bby JDevchndra Jha ; anuvadak Satyakaam
260 _aदिल्ली
_bअभिरुचि प्रकाशन
_c1998
270 _bदिल्ली
_a3/114, कर्ण गली, विश्वास नगर, शाहदरा
_e110032
300 _a158पृ.
_c20सेमी(सजिल्द )
500 _aसन्दर्भ सूची शामिल
650 _aभारत--इतिहास --महात्मा गाँधी
_x
_z
_981440
650 _aभारत--इतिहास--विभाजन
_981441
650 _aIndia -- History --mahatma Gandhi
_981442
650 _aIndia - History--Partition
_981443
942 _2ddc
_cHN
_h301.153
_mझादेव
999 _c118684
_d118684